Riconosci il Pokémon - Quiz n°472 - Statistics

Statistiche generali
  • Questo quiz è stato fatto 0 volte
  • Il punteggio medio è 0 su 10
Statistiche sulle risposte
Indizio Risposta % Corretto
Altezza 0,3 m
0%
Peso 12,0 kg
0%
Tasso di cattura 255 (43.9%)
0%
Sesso 50% ♂, 50% ♀
0%
Stadio evoluzione Forma Base
0%
Tasso di allevamento Medio-Lento
0%
Generazione Ottava
0%
Tipo Roccia
0%
Pokémon Rolycoly
0%
Abilità Vapormacchia; Antifuoco; Fuocardore
0%
Nessun quiz corrispondente trovato
Distribuzione punteggi
Percentuale di utenti per punteggio
Percentile per numero di risposta
I tuoi punteggi nel tempo
Non hai fatto questo quiz